U G C Net/ Jrf/ Slet Teaching And Research Aptitude (Record no. 27694)

MARC details
000 -LEADER
fixed length control field 00434nam a2200181Ia 4500
008 - FIXED-LENGTH DATA ELEMENTS--GENERAL INFORMATION
fixed length control field 220531s9999 xx 000 0 und d
041 ## - LANGUAGE CODE
Language code of text/sound track or separate title eng
082 ## - DEWEY DECIMAL CLASSIFICATION NUMBER
Item number GUP
100 ## - MAIN ENTRY--PERSONAL NAME
Personal name Gupta, D. K.
9 (RLIN) 47154
245 ## - TITLE STATEMENT
Title U G C Net/ Jrf/ Slet Teaching And Research Aptitude
250 ## - EDITION STATEMENT
Edition statement 3RD
260 ## - PUBLICATION, DISTRIBUTION, ETC. (IMPRINT)
Name of publisher, distributor, etc. Vishal
Date of publication, distribution, etc. 2004
300 ## - PHYSICAL DESCRIPTION
Extent 304
542 ## - INFORMATION RELATING TO COPYRIGHT STATUS
Copyright holder 28-08-2004
650 ## - SUBJECT ADDED ENTRY--TOPICAL TERM
Topical term or geographic name as entry element General
9 (RLIN) 47155
906 ## - LOCAL DATA ELEMENT F, LDF (RLIN)
d 2004-2005
Holdings
Withdrawn status Lost status Source of classification or shelving scheme Damaged status Not for loan Home library Current library Date acquired Cost, normal purchase price Total Checkouts Total Holds Full call number Barcode Date last seen Bill Date Koha item type Original Barcode
    Dewey Decimal Classification     Shri Siddhivinayak Mahila Mahavidyalaya Shri Siddhivinayak Mahila Mahavidyalaya 28/08/2004 195.00   1 /GUP/B/8681 SSMM-BK-8681 06/08/2022 06/08/2022 Books 010008681